S09 駅名クイズ - 京成電鉄 + α ver. - Statistics

General Stats
  • This quiz has been taken 208 times
  • The average score is 86 of 118
Answer Stats
Number Answer % Correct
KS01 京成上野
99%
KS09 青砥
98%
KS02 日暮里
97%
KS10 京成高砂
97%
KS26 京成津田沼
97%
KS45 押上〈スカイツリー前〉
97%
KS42 成田空港
96%
KS59 京成千葉
96%
KS44 東成田
95%
KS22 京成船橋
93%
KS88 松戸
93%
KS51 京成金町
92%
KS35 京成佐倉
91%
KS40 京成成田
91%
KS20 京成西船
90%
HS08 | KS78 新鎌ヶ谷
90%
KS65 ちはら台
89%
KS16 京成八幡
88%
KS53 京成幕張
86%
KS03 新三河島
85%
KS04 町屋
85%
HS14 印旛日本医大
85%
KS50 柴又
84%
HS12 千葉ニュータウン中央
84%
SR01 芝山千代田
84%
KS08 お花茶屋
83%
KS46 京成曳舟
83%
KS60 千葉中央
83%
KS52 京成幕張本郷
82%
HS05 東松戸
82%
KS33 ユーカリが丘
80%
KS43 成田湯川
80%
HS13 印西牧の原
80%
KS41 空港第2ビル
80%
KS05 千住大橋
79%
KS24 船橋競馬場
79%
KS36 大佐倉
79%
KS49 京成立石
79%
KS06 京成関屋
78%
KS07 堀切菖蒲園
78%
KS14 市川真間
77%
KS31 勝田台
77%
KS66 新津田沼
77%
HS01 新柴又
77%
KS11 京成小岩
76%
KS19 東中山
75%
KS38 宗吾参道
75%
KS34 京成臼井
74%
KS18 京成中山
73%
KS55 京成稲毛
73%
KS29 八千代台
72%
KS48 四ツ木
72%
HS10 白井
71%
KS12 江戸川
70%
KS37 京成酒々井
70%
KS47 八広
68%
HS02 矢切
68%
KS17 鬼越
67%
KS80 くぬぎ山
67%
KS39 公津の杜
66%
KS21 海神
65%
KS76 鎌ヶ谷大仏
64%
KS61 千葉寺
63%
KS64 おゆみ野
63%
KS13 国府台
62%
KS30 京成大和田
61%
KS84 八柱
61%
KS27 京成大久保
60%
KS54 検見川
60%
KS72 高根公団
60%
HS09 西白井
60%
KS32 志津
59%
KS23 大神宮下
58%
KS28 実籾
58%
KS69 習志野
58%
KS25 谷津
57%
KS70 北習志野
57%
HS11 小室
57%
KS58 新千葉
55%
KS57 西登戸
53%
KS15 菅野
52%
KS71 高根木戸
51%
KS86 松戸新田
51%
KS77 初富
50%
KS79 北初富
50%
HS06 松飛台
50%
KS67 前原
48%
HS07 大町
48%
KS63 学園前
47%
KS87 上本郷
47%
HS04 秋山
47%
KS82 五香
45%
KS85 みのり台
45%
HS03 北国分
45%
KS56 みどり台
42%
KS75 二和向台
42%
KS68 薬園台
41%
KS62 大森台
40%
KS81 元山
37%
KS73 滝不動
35%
KS74 三咲
35%
KS83 常盤平
30%
No matching quizzes found
Score Distribution
Percent of People with Each Score
Percentile by Number Answered
Your Score History
You have not taken this quiz